000 00680nam a2200265Ia 4500
003 OSt
005 20221005065822.0
006 a|||||r|||| 00| 0
007 ta
008 221004b |||||||| |||| 00| 0 eng d
020 _a5050006457
024 _a42986
037 _cTextual
040 _aCRL
_cCRL
_beng
041 _2eng
_aeng
082 _aO142,1x, 111M6
100 _aLenin
245 0 _aEver among the living
_b Poems about Lenin
260 _aMoscow
_bRaduga
_c1986
300 _a206p
_ccm.
650 _a ENGLISH LITERATURE
650 _aRUSSIAN LITERATURE
942 _hO142,1x, 111M6
_cTEXL
_2cc
999 _c975274
_d975274